Livres de Roald Dahl - Statistiques

Statistiques générales
  • Ce quiz a été pris 305 fois
  • Le résultat moyen est 5 sur 17
Statistiques - réponses
Année Livre % Correct
1964 Charlie et la Chocolaterie
91%
1988 Matilda
77%
1982 Le Bon Gros Géant
62%
1972 Charlie et le Grand Ascenseur de verre
56%
1983 Sacrées Sorcières
55%
1961 James et la Grosse Pêche
52%
1981 La Potion magique de Georges Bouillon
28%
1980 Les deux Gredins
25%
1970 Fantastique Maître Renard
19%
1966 Le Doigt magique
10%
1975 Danny, champion du monde
9%
1989 Un Amour de Tortue
8%
1978 L'énorme Crocodile
7%
1991 Les Minuscules
5%
1985 La Girafe, le Pélican et Moi
4%
1943 Les Gremlins
2%
1991 Le Vicaire de Nibbleswicke
1%
Aucun quiz correspondant
Distribution des résultats
% des personnes avec chaque résultat
Percentile par nombre de réponses
Votre historique - résultats
Vous n’avez pas pris ce quiz